Jawlnei Amos leh Obadia Laibute suina / (Record no. 3683)
[ view plain ]
| 000 -LEADER | |
|---|---|
| fixed length control field | 00611nam a22001937a 4500 |
| 003 - CONTROL NUMBER IDENTIFIER | |
| control field | GBCCL |
| 005 - DATE AND TIME OF LATEST TRANSACTION | |
| control field | 20241126110500.0 |
| 008 - FIXED-LENGTH DATA ELEMENTS--GENERAL INFORMATION | |
| fixed length control field | 171201b xxu||||| |||| 00| 0 eng d |
| 040 ## - CATALOGING SOURCE | |
| Transcribing agency | gbc |
| 082 ## - DEWEY DECIMAL CLASSIFICATION NUMBER | |
| Classification number | VER 224.807 |
| Item number | KHA |
| 100 ## - MAIN ENTRY--PERSONAL NAME | |
| Personal name | Khamkam, G. |
| 9 (RLIN) | 7297 |
| 245 ## - TITLE STATEMENT | |
| Title | Jawlnei Amos leh Obadia Laibute suina / |
| Statement of responsibility, etc. | G. Khamkam |
| 260 ## - PUBLICATION, DISTRIBUTION, ETC. | |
| Place of publication, distribution, etc. | New Lamka: |
| Name of publisher, distributor, etc. | Evangelical Convention Church, |
| Date of publication, distribution, etc. | 1997 |
| 300 ## - PHYSICAL DESCRIPTION | |
| Extent | 146p.; |
| Dimensions | 23 cm. |
| 440 ## - SERIES STATEMENT/ADDED ENTRY--TITLE | |
| Title | Saptuam' Laisiangthou Hilhchetna |
| 9 (RLIN) | 7247 |
| 650 ## - SUBJECT ADDED ENTRY--TOPICAL TERM | |
| Topical term or geographic name entry element | Bible |
| Form subdivision | Old Testament |
| -- | Amos |
| General subdivision | Commentary |
| 9 (RLIN) | 7298 |
| 650 ## - SUBJECT ADDED ENTRY--TOPICAL TERM | |
| Topical term or geographic name entry element | Bible |
| Form subdivision | Old Testament |
| -- | Obadiah |
| General subdivision | Commentary |
| 9 (RLIN) | 7299 |
| 942 ## - ADDED ENTRY ELEMENTS (KOHA) | |
| Source of classification or shelving scheme | Dewey Decimal Classification |
| Koha item type | Books |
| Koha issues (borrowed), all copies | 6 |
| Withdrawn status | Lost status | Source of classification or shelving scheme | Damaged status | Not for loan | Collection | Home library | Current Library | Shelving location | Date acquired | Total checkouts | Full call number | Barcode | Date last seen | Copy number | Price effective from | Koha item type | Date last checked out |
|---|---|---|---|---|---|---|---|---|---|---|---|---|---|---|---|---|---|
| Dewey Decimal Classification | GRACE BIBLE COLLEGE | GRACE BIBLE COLLEGE | Vernacular | 2017-12-01 | VER 224.807 KHA | 010774 | 2025-05-01 | c.1 | 2017-12-01 | Books | |||||||
| Dewey Decimal Classification | GRACE BIBLE COLLEGE | GRACE BIBLE COLLEGE | Vernacular | 2017-12-01 | 2 | VER 224.807 KHA | 010775 | 2025-11-28 | c.2 | 2017-12-01 | Books | 2025-11-24 | |||||
| Dewey Decimal Classification | GRACE BIBLE COLLEGE | GRACE BIBLE COLLEGE | Vernacular | 2017-12-01 | 2 | VER 224.807 KHA | 010776 | 2025-05-01 | c.3 | 2017-12-01 | Books | 2022-09-02 | |||||
| Dewey Decimal Classification | GRACE BIBLE COLLEGE | GRACE BIBLE COLLEGE | Vernacular | 2017-12-01 | VER 224.807 KHA | 010777 | 2025-05-01 | c.4 | 2017-12-01 | Books | |||||||
| Dewey Decimal Classification | GRACE BIBLE COLLEGE | GRACE BIBLE COLLEGE | Vernacular | 2018-08-16 | 3 | VER 224.807 KHA | 013588 | 2023-11-08 | c.5 | 2018-08-16 | Books | 2022-09-02 |